1904 Summer Olympics Sports Quiz - Statistics

General Stats
  • This quiz has been taken 23 times
  • The average score is 14 of 22
Answer Stats
Answer % Correct
Athletics
100%
Swimming
90%
Basketball
85%
Weightlifting
85%
Wrestling
85%
Archery
75%
Cycling
75%
Fencing
75%
Rowing
75%
Boxing
70%
Gymnastics
70%
Tennis
70%
Football (Soccer)
65%
Golf
60%
Baseball
55%
Tug of War
55%
American Football
50%
Diving
50%
Gaelic Football
45%
Lacrosse
30%
Hurling
15%
Roque
15%
No matching quizzes found
Score Distribution
Percent of People with Each Score
Percentile by Number Answered
Your Score History
You have not taken this quiz